zpět

Detail výsledku týmu

Hloupý Honza, Praha

Datum a čas kvízu

32.5 Celkem bodů Celkový počet nahraných bodů na tomto kvízu bez doplňovacích otázek.
3. Pořadí na kvízu Konečné umístění týmu na tomto kvízu.

Zaznamenané odpovědi

# Otázka Odpověď Body Výsledky
1. Pirátská strana minulý týden u... 1
2. Ukrajinští umělci vytvořili po... 1
3. Ve čtvrtek přišel do kin celov... 1
4. Americká firma otevřela první... 1
5. Výrobce oblečení Ralph Lauren... 0
6. Toto téma jste si na facebooko... 1
7. Přiřaďte k sobě správně české... 1
5. Tenké střevo člověka se obecně... 1
5. Jak se jmenuje druhá největší... 0
5. U prvních sedmi párů žeber při... 0